000 00329 a2200157 4500
001 194562
020 _a978-85-61167-62-2
040 _cMagnum
100 _aPaquette, Gabrielle
240 1 0 _aAbracadatchum!
_lpor
245 1 0 _aAbracadatchum!
300 _a
362 0 _a2013
697 _aLITERATURA INFANTO
942 _cBK
999 _c194562
_d194562